000 00795nam a2200217Ia 4500
005 20251020182610.0
008 200515s9999 xx 000 0 und d
082 _aSC/628.38/M61
110 _aMinisterio de Transportes y Comunicaciones, Vivienda y Construcción
245 0 _aPlantas de tratamiento de aguas residuales
260 _aLima
260 _c1997
300 _a92
520 _aCriterios técnicos para el desarrollo de proyectos de tratamiento de aguas residuales en los niveles preliminar, básico y definitivo, y normar los procesos que deban experimentar las aguas residuales antes de su descarga o su re-utilización
650 _aAGUAS RESIDUALES
650 _aNORMAS
650 _aPLANTAS DE TRATAMIENTO
650 _aPUB SENCICO
650 _aS-090
942 _cLIB
999 _c3327
_d3327